000 00448nam a22001697a 4500
999 _c8768
_d8768
003 OSt
008 200710b ||||| |||| 00| 0 eng d
020 _a9789382448310
082 _a615.19 DEP
100 _a Deodhar, Meenakshi, and J. R. Jagtap
245 _aPharmaceutical Organic Chemistry
250 _a2018
260 _aN Delhi
_bNirali Prakashan
_c2018
300 _a18.22
650 _aPharmaceutical Organic Chemisty
942 _2ddc
_cBK
_07